[Event "Scoones mem. Rapid Online"]
[Site "chess.com"]
[Date "2021.08.15"]
[Round "5.4"]
[White "Yao, Henry"]
[Black "Ingram, Richard"]
[Result "1-0"]
[WhiteElo "1715"]
[BlackElo "1500"]
[PlyCount "169"]
[EventDate "2021.08.14"]
[EventType "swiss (rapid)"]
[EventRounds "6"]
[EventCountry "CAN"]

1. d4 Nf6 2. Bf4 b6 3. Nf3 Bb7 4. e3 e6 5. c3 Be7 6. Nbd2 O-O 7. Bd3 d5 8. O-O
Nbd7 9. Qe2 c5 10. Rad1 c4 11. Bc2 b5 12. Ne5 a5 13. Nxd7 Qxd7 14. e4 dxe4 15.
Nxe4 Nxe4 16. Bxe4 Bxe4 17. Qxe4 Qd5 18. Qc2 b4 19. Qd2 Bd6 20. Bxd6 Qxd6 21.
Qe2 Qd5 22. Rfe1 Rab8 23. Qf1 Rfc8 24. Re5 Qa8 25. d5 Rc5 26. Qe2 Rxd5 27.
Rdxd5 exd5 28. h3 Qc6 29. Qf3 Rd8 30. Qe3 bxc3 31. bxc3 h6 32. Qd4 Qa4 33. Re2
Qb5 34. Kh2 a4 35. Re7 Kf8 36. Re2 a3 37. Qh4 Qb8+ 38. g3 Qd6 39. Qd4 Kg8 40.
Rd2 Rd7 41. Kg2 Qe6 42. h4 Qc6 43. Re2 Qf6 44. Qxf6 gxf6 45. Re8+ Kg7 46. Ra8
d4 47. cxd4 Rxd4 48. Rxa3 f5 49. Kf3 Rd6 50. Rc3 Ra6 51. a3 Kf6 52. Kf4 Ra4 53.
f3 Ke6 54. Ke3 Kd5 55. h5 Ra6 56. f4 Re6+ 57. Kd2 Kd4 58. a4 Ra6 59. Ra3 Kc5
60. Kc3 Ra5 61. Ra2 Kd5 62. Re2 Rxa4 63. Re5+ Kd6 64. Rxf5 Ke6 65. Re5+ Kf6 66.
g4 Ra3+ 67. Kxc4 Rg3 68. Rf5+ Kg7 69. g5 Rh3 70. gxh6+ Kxh6 71. Rxf7 Rxh5 72.
Kd4 Kg6 73. Ra7 Rf5 74. Ke4 Rf6 75. Kf3 Kf5 76. Ra5+ Kg6 77. Kg4 Kf7 78. f5 Rb6
79. Kg5 Kg7 80. Ra7+ Kf8 81. Rc7 Rb1 82. Kg6 Rb6+ 83. f6 Rb8 84. Rh7 Kg8 85.
f7+ 1-0

[Event "Scoones mem. Rapid Online"]
[Site "chess.com"]
[Date "2021.08.15"]
[Round "5.5"]
[White "Yang, Henry"]
[Black "Selva, Karthik B"]
[Result "1/2-1/2"]
[WhiteElo "1637"]
[BlackElo "1852"]
[PlyCount "80"]
[EventDate "2021.08.14"]
[EventType "swiss (rapid)"]
[EventRounds "6"]
[EventCountry "CAN"]

1. d4 Nf6 2. c4 g6 3. f3 Bg7 4. e4 d6 5. Nc3 c6 6. Bg5 O-O 7. Qd2 Re8 8. Nge2
Nbd7 9. Ng3 Qc7 10. Be2 e5 11. d5 Nf8 12. O-O Rb8 13. Rab1 Kh8 14. Rfd1 c5 15.
Be3 a6 16. b4 cxb4 17. Rxb4 N6d7 18. Rdb1 Nc5 19. Na4 Nxa4 20. Rxa4 Nd7 21.
Rab4 Nc5 22. Bd3 Qa5 23. Bc2 Bd7 24. R4b2 Qc7 25. Rb6 Ba4 26. Nh1 Red8 27. R6b4
Bd7 28. Nf2 b5 29. Nd3 a5 30. R4b2 Nxd3 31. Bxd3 bxc4 32. Rxb8 Rxb8 33. Rxb8+
Qxb8 34. Bxc4 a4 35. Kf2 f5 36. Qc2 Qb4 37. Bd2 Qc5+ 38. Be3 Qb4 39. Bd2 Qc5+
40. Be3 Qb4 1/2-1/2

[Event "Scoones mem. U1600 Rapid Online"]
[Site "chess.com"]
[Date "2021.08.15"]
[Round "5.1"]
[White "Fremmerlid, Nick"]
[Black "Trenton, Isaac"]
[Result "0-1"]
[WhiteElo "1599"]
[BlackElo "1490"]
[PlyCount "93"]
[EventDate "2021.08.14"]
[EventType "swiss (rapid)"]
[EventRounds "6"]
[EventCountry "CAN"]

1. e4 c5 2. Nc3 d6 3. g3 Nf6 4. Bg2 Nc6 5. Nge2 g6 6. d3 Bg7 7. O-O Bd7 8. f4
Qc8 9. Be3 h5 10. Qd2 h4 11. Nd5 Ng4 12. Rab1 e6 13. Ndc3 Nxe3 14. Qxe3 hxg3
15. Qxg3 Nd4 16. f5 Be5 17. Nf4 exf5 18. Ncd5 Ne2+ 19. Nxe2 Bxg3 20. Nxg3 Qd8
21. exf5 O-O 22. fxg6 fxg6 23. Rxf8+ Kxf8 24. Rf1+ Kg7 25. Ne4 Be6 26. Ndf6 Qe7
27. c4 Rf8 28. Rf2 Bf5 29. Nd5 Qe5 30. Ndc3 Qd4 31. Ng5 Bg4 32. Bf3 Rxf3 33.
Nxf3 Bxf3 34. Nb5 Qxd3 35. Nxd6 Qxd6 36. Rxf3 Qd1+ 37. Kg2 Qc2+ 38. Rf2 Qxc4
39. b3 Qd5+ 40. Kg1 b5 41. Kf1 c4 42. bxc4 bxc4 43. Ke1 c3 44. Re2 Qh1+ 45. Kf2
c2 46. Re7+ Kf6 47. Re3 0-1

[Event "Sherbrooke op Online"]
[Site "Chess.com"]
[Date "2021.05.28"]
[Round "1"]
[White "Colvin, Andrew"]
[Black "Levesque-Duchesne, Merlin"]
[Result "1-0"]
[WhiteElo "2072"]
[BlackElo "1829"]
[PlyCount "87"]
[EventDate "2021.05.28"]
[EventType "swiss"]
[EventRounds "5"]
[EventCountry "CAN"]

1. d4 d5 2. c4 e6 3. Nf3 c6 4. e3 Nf6 5. Nbd2 Nbd7 6. Bd3 Be7 7. O-O O-O 8. e4
dxe4 9. Nxe4 Nxe4 10. Bxe4 Nf6 11. Bc2 c5 12. Bg5 cxd4 13. Qd3 g6 14. Qxd4 Qxd4
15. Nxd4 Rd8 16. Rad1 Bd7 17. Nf3 Kg7 18. Ne5 Be8 19. Rxd8 Rxd8 20. Rd1 h6 21.
Rxd8 Bxd8 22. Be3 a6 23. Bd4 Kf8 24. f3 Nd7 25. Be4 Nxe5 26. Bxe5 Bc6 27. Bxc6
bxc6 28. Kf2 Bb6+ 29. Ke2 Ke7 30. b4 f6 31. Bf4 h5 32. c5 Bd8 33. Bd6+ Kd7 34.
Kd3 e5 35. a4 Bc7 36. Bxc7 Kxc7 37. Kc4 f5 38. b5 cxb5+ 39. axb5 a5 40. Kd5 a4
41. b6+ Kc8 42. Kc6 a3 43. b7+ Kb8 44. Kb6 1-0

[Event "Sherbrooke op Online"]
[Site "Chess.com"]
[Date "2021.05.28"]
[Round "1"]
[White "Dhulipalla, Bala Chandra Prasad"]
[Black "Guipi Bopala, Prince Eric jr"]
[Result "1-0"]
[WhiteElo "2425"]
[BlackElo "1929"]
[PlyCount "81"]
[EventDate "2021.05.28"]
[EventType "swiss"]
[EventRounds "5"]
[EventCountry "CAN"]

1. d4 d5 2. Bf4 Nf6 3. e3 e6 4. Nd2 c5 5. Ngf3 Nc6 6. c3 Bd6 7. Bg3 O-O 8. Bb5
Qe7 9. Bxc6 bxc6 10. Qa4 cxd4 11. cxd4 Bd7 12. Bxd6 Qxd6 13. O-O Qb8 14. Qc2
Qb6 15. Nb3 Rab8 16. Ne5 Rfc8 17. Nc5 Be8 18. b3 Rd8 19. Rac1 Rbc8 20. Rfd1 Nd7
21. Na4 Qc7 22. Qxc6 Qb8 23. Nxd7 Bxd7 24. Qa6 Bxa4 25. Qxa4 Qb6 26. Qa3 h6 27.
Rc5 Rc7 28. Rdc1 Rdc8 29. b4 Rxc5 30. bxc5 Qc7 31. Rb1 Rb8 32. Rb4 a5 33. Rxb8+
Qxb8 34. Qb3 Qc7 35. Qb6 Qc8 36. c6 Kf8 37. Qb7 Qxb7 38. cxb7 Ke7 39. b8=Q Kf6
40. Qd8+ Kg6 41. Qxa5 1-0

[Event "Sherbrooke op Online"]
[Site "Chess.com"]
[Date "2021.05.28"]
[Round "1"]
[White "Hemphrey, David"]
[Black "Turcotte, Jonathan"]
[Result "0-1"]
[WhiteElo "1731"]
[BlackElo "2011"]
[PlyCount "92"]
[EventDate "2021.05.28"]
[EventType "swiss"]
[EventRounds "5"]
[EventCountry "CAN"]

1. d4 d5 2. f3 Nf6 3. c4 e6 4. Nc3 c5 5. e3 cxd4 6. exd4 Nc6 7. Be3 Be7 8. Nge2
O-O 9. Ng3 b6 10. Be2 Bb7 11. cxd5 Nxd5 12. Nxd5 Qxd5 13. O-O Rfd8 14. Qd2 Nxd4
15. Rfd1 Nxe2+ 16. Qxe2 Qa5 17. a3 h6 18. b4 Qa4 19. Bd4 Rd5 20. Bb2 Ba6 21.
Qe1 Rad8 22. Rxd5 Rxd5 23. Ne4 Qc2 24. Bc3 Bd3 25. Qg3 Bg5 26. h4 Bxe4 27. fxe4
Rd3 28. Qb8+ Rd8 29. Qc7 Bxh4 30. Rf1 Rf8 31. Qe5 f6 32. Qxe6+ Kh8 33. Rf3 Qd1+
34. Kh2 Qd8 35. b5 Re8 36. Qf5 Qe7 37. e5 fxe5 38. Bb4 Qe6 39. Qh5 Bg5 40. Rf7
Bf4+ 41. g3 Bg5 42. Rxa7 Rc8 43. Qe2 e4 44. Kg2 e3 45. Bd2 Qd5+ 46. Kf1 Qh1#
0-1

[Event "Sherbrooke op Online"]
[Site "Chess.com"]
[Date "2021.05.28"]
[Round "1"]
[White "Stevenson, Larissa"]
[Black "Javidfard, Amirsalard"]
[Result "0-1"]
[WhiteElo "1876"]
[BlackElo "2254"]
[PlyCount "128"]
[EventDate "2021.05.28"]
[EventType "swiss"]
[EventRounds "5"]
[EventCountry "CAN"]

1. e4 c5 2. Nf3 e6 3. d4 cxd4 4. Nxd4 a6 5. Nc3 Qc7 6. Be2 Bb4 7. Qd3 Nf6 8.
O-O b5 9. Bd2 Bxc3 10. Bxc3 Bb7 11. Bf3 d6 12. Rad1 d5 13. exd5 Bxd5 14. Bxd5
Nxd5 15. Nf5 Nxc3 16. Nd6+ Ke7 17. bxc3 Nd7 18. Qf3 Nf6 19. Rfe1 Rhd8 20. Nf5+
Kf8 21. Nd4 Kg8 22. Nc6 Rxd1 23. Rxd1 Nd5 24. Nb4 Qxc3 25. Nxd5 Qxf3 26. gxf3
exd5 27. Rxd5 Kf8 28. Rc5 Ra7 29. Kf1 Ke7 30. Ke2 Kd6 31. Rh5 h6 32. Rh4 Kc5
33. Kd3 a5 34. Rh5+ Kb4 35. c3+ Ka4 36. Rh4+ Ka3 37. Re4 Kxa2 38. Kc2 Ka3 39.
Re1 Ka2 40. Rb1 b4 41. Rb2+ Ka3 42. Rb3+ Ka4 43. cxb4 axb4 44. Rb1 Rc7+ 45. Kd3
Rc3+ 46. Kd4 Rxf3 47. Kc4 Rf4+ 48. Kd3 Rxf2 49. Kc4 b3 50. Ra1+ Ra2 51. Rb1
Rxh2 52. Ra1+ Ra2 53. Rb1 Rc2+ 54. Kd3 f5 55. Rf1 Rc5 56. Ra1+ Kb4 57. Rf1 b2
58. Rf4+ Kb3 59. Kd2 b1=Q 60. Rf3+ Ka4 61. Rf4+ Ka5 62. Rd4 Qb2+ 63. Ke3 Re5+
64. Kf3 Qe2+ 0-1

[Event "Sherbrooke op Online"]
[Site "Chess.com"]
[Date "2021.05.29"]
[Round "2"]
[White "Guipi Bopala, Prince Eric jr"]
[Black "Hemphrey, David"]
[Result "1-0"]
[WhiteElo "1929"]
[BlackElo "1731"]
[PlyCount "107"]
[EventDate "2021.05.28"]
[EventType "swiss"]
[EventRounds "5"]
[EventCountry "CAN"]

1. d4 Nf6 2. c4 d5 3. Nf3 e6 4. g3 c6 5. Bg2 Be7 6. O-O Nbd7 7. Qc2 O-O 8. Nbd2
h6 9. e4 dxe4 10. Nxe4 Nxe4 11. Qxe4 Nf6 12. Qc2 Qc7 13. c5 Nd5 14. Bd2 Bf6 15.
Rfe1 Rd8 16. Ne5 Ne7 17. Bf4 Nd5 18. Bd2 Qe7 19. Rad1 Nc7 20. Bc3 Nb5 21. a4
Nc7 22. Nc4 Bd7 23. Nd6 Rab8 24. Bd2 Be8 25. Bf4 Bg5 26. Qd2 Bxf4 27. Qxf4 g5
28. Qf3 Nd5 29. Qh5 Qf8 30. Qg4 Rxd6 31. cxd6 Qxd6 32. Bxd5 Qxd5 33. Re5 Qd8
34. h4 f5 35. Qe2 Bf7 36. hxg5 Qxg5 37. Kg2 Re8 38. Rh1 Kg7 39. f4 Qg6 40. Kf2
Rd8 41. Rd1 Qf6 42. Ke3 Qe7 43. g4 Qh4 44. gxf5 Bh5 45. Qg2+ Kf7 46. fxe6+ Kf6
47. Rg1 Ke7 48. Rh1 Qf6 49. Rhxh5 a5 50. Rhf5 Qh8 51. Rf7+ Kd6 52. e7 Re8 53.
Qg6+ Kc7 54. Rh7 1-0

[Event "Sherbrooke op Online"]
[Site "Chess.com"]
[Date "2021.05.29"]
[Round "2"]
[White "Javidfard, Amirsalard"]
[Black "Landstrom, William"]
[Result "0-1"]
[WhiteElo "2254"]
[BlackElo "1530"]
[PlyCount "168"]
[EventDate "2021.05.28"]
[EventType "swiss"]
[EventRounds "5"]
[EventCountry "CAN"]

1. d4 d6 2. f4 Nf6 3. Nf3 b6 4. c4 Bb7 5. d5 c6 6. Nc3 cxd5 7. cxd5 Nbd7 8. e4
Qc7 9. Be3 a6 10. Rc1 Rc8 11. Be2 g6 12. O-O Bg7 13. e5 dxe5 14. fxe5 Nxe5 15.
Qa4+ Ned7 16. Ne4 Qd8 17. Rxc8 Bxc8 18. Nxf6+ Bxf6 19. Ng5 b5 20. Qf4 Bb7 21.
d6 O-O 22. Qh4 Bxg5 23. Bxg5 f6 24. Bh6 Re8 25. Bg4 Ne5 26. Be6+ Kh8 27. dxe7
Qb6+ 28. Kh1 Qxe6 29. Qxf6+ Qxf6 30. Rxf6 Nd7 31. Re6 Kg8 32. Re2 Kf7 33. Bg5
Bd5 34. b4 Bc4 35. Rf2+ Kg8 36. h4 Ne5 37. Rd2 Nc6 38. Rd6 Nxe7 39. Rxa6 Nf5
40. Rf6 Ng3+ 41. Kh2 Ne4 42. Rb6 Nxg5 43. hxg5 Kg7 44. Kg3 Re3+ 45. Kf4 Re6 46.
Rb7+ Kg8 47. Rb8+ Kf7 48. Rb7+ Re7 49. Rb6 Kg7 50. Ra6 h6 51. gxh6+ Kxh6 52. a4
bxa4 53. Rxa4 Bd3 54. Ra3 Bf5 55. Rb3 Re4+ 56. Kf3 Kg5 57. b5 Re7 58. b6 Rb7
59. Rb5 Kf6 60. g4 Be6 61. g5+ Ke7 62. Ke4 Kd6 63. Rb2 Bf5+ 64. Kd4 Kc6 65. Rb3
Rxb6 66. Ra3 Kd6 67. Ra4 Ke6 68. Ke3 Rb3+ 69. Kf4 Rb1 70. Ra6+ Kd5 71. Ra5+ Kc4
72. Ra4+ Kb5 73. Ra3 Rb4+ 74. Ke5 Re4+ 75. Kd5 Rg4 76. Rb3+ Ka4 77. Rb8 Rxg5
78. Ke5 Rg4 79. Kf6 Rb4 80. Ra8+ Kb3 81. Ra7 Kc3 82. Re7 Kd3 83. Re8 Re4 84.
Rd8+ Ke3 0-1

[Event "Sherbrooke op Online"]
[Site "Chess.com"]
[Date "2021.05.29"]
[Round "2"]
[White "Levesque-Duchesne, Merlin"]
[Black "Stevenson, Larissa"]
[Result "1-0"]
[WhiteElo "1829"]
[BlackElo "1876"]
[PlyCount "59"]
[EventDate "2021.05.28"]
[EventType "swiss"]
[EventRounds "5"]
[EventCountry "CAN"]

1. d4 Nf6 2. c4 e6 3. Nf3 g6 4. Nc3 Bg7 5. e4 d6 6. Be2 Nc6 7. h3 h6 8. Be3 d5
9. e5 Ng8 10. Qd2 Nge7 11. g4 dxc4 12. Bxc4 Nd5 13. Nxd5 exd5 14. Bd3 Qe7 15.
a3 Bd7 16. b4 Bxe5 17. Nxe5 Nxe5 18. dxe5 Qxe5 19. O-O h5 20. Bf4 Qg7 21. Rfe1+
Kd8 22. Rac1 c6 23. g5 Bxh3 24. Be5 Qf8 25. Bf6+ Kc7 26. Qf4+ Kc8 27. Re7 Qd8
28. Rxf7 Qb6 29. Bxh8 Bd7 30. Rf8+ 1-0

[Event "Sherbrooke op Online"]
[Site "Chess.com"]
[Date "2021.05.29"]
[Round "2"]
[White "Selva, Karthik"]
[Black "Colvin, Andrew"]
[Result "1/2-1/2"]
[WhiteElo "1911"]
[BlackElo "2072"]
[PlyCount "87"]
[EventDate "2021.05.28"]
[EventType "swiss"]
[EventRounds "5"]
[EventCountry "CAN"]

1. d4 d5 2. Bf4 Nf6 3. Nf3 c5 4. e3 Nc6 5. c3 Qb6 6. Qb3 c4 7. Qc2 Bf5 8. Qc1
Nh5 9. Bg5 h6 10. Bh4 g5 11. Bg3 Bg7 12. Nbd2 O-O 13. Be2 Rfc8 14. Bd1 Nxg3 15.
hxg3 e5 16. dxe5 Nxe5 17. Nxe5 Bxe5 18. Nf3 Bg7 19. Bc2 Qg6 20. Bxf5 Qxf5 21.
Qd2 Rd8 22. Nd4 Qe4 23. f3 Qg6 24. g4 Bxd4 25. Qxd4 b5 26. O-O-O a5 27. Rh5 b4
28. Rdh1 b3 29. axb3 cxb3 30. Qd2 Kh7 31. Rxh6+ Qxh6 32. Qd3+ Kg7 33. Qd4+ Qf6
34. Rh7+ Kxh7 35. Qxf6 Kg8 36. Qxg5+ Kf8 37. Qe5 a4 38. Qc7 Kg8 39. Qe7 Re8 40.
Qc5 Rec8 41. Qb4 Rcb8 42. Qa3 Re8 43. Qc5 Rec8 44. Qa3 1/2-1/2

[Event "Sherbrooke op Online"]
[Site "Chess.com"]
[Date "2021.05.29"]
[Round "2"]
[White "Turcotte, Jonathan"]
[Black "Dhulipalla, Bala Chandra Prasad"]
[Result "0-1"]
[WhiteElo "2011"]
[BlackElo "2425"]
[PlyCount "70"]
[EventDate "2021.05.28"]
[EventType "swiss"]
[EventRounds "5"]
[EventCountry "CAN"]

1. d4 Nc6 2. d5 Ne5 3. e4 Ng6 4. h4 h5 5. Nc3 e5 6. Bg5 Nf6 7. Bd3 c6 8. Nge2
Qb6 9. O-O d6 10. Ng3 Nh7 11. Be3 Qd8 12. Nf5 Ne7 13. g3 g6 14. Nxe7 Qxe7 15.
b4 Bg7 16. dxc6 bxc6 17. b5 Bb7 18. bxc6 Bxc6 19. Bb5 Bxb5 20. Nxb5 O-O 21.
Qxd6 Qb7 22. Qd5 Qc8 23. Nd6 Qd7 24. Rfd1 Nf6 25. Qc4 Qh3 26. Qf1 Qg4 27. Qg2
Qe6 28. f3 Rfd8 29. Nb7 Rxd1+ 30. Rxd1 Qxa2 31. Nd6 Rd8 32. c4 Qa3 33. Qd2 Rxd6
34. Qxd6 Qxe3+ 35. Kh2 Qxf3 0-1

[Event "Sherbrooke op Online"]
[Site "Chess.com"]
[Date "2021.05.29"]
[Round "3"]
[White "Colvin, Andrew"]
[Black "Javidfard, Amirsalard"]
[Result "1-0"]
[WhiteElo "2072"]
[BlackElo "2254"]
[PlyCount "55"]
[EventDate "2021.05.28"]
[EventType "swiss"]
[EventRounds "5"]
[EventCountry "CAN"]

1. d4 d5 2. c4 e6 3. Nf3 Nf6 4. Nc3 Bb4 5. cxd5 exd5 6. Qa4+ Nc6 7. Bg5 O-O 8.
e3 h6 9. Bxf6 Qxf6 10. Be2 a6 11. O-O Bxc3 12. bxc3 Be6 13. Qc2 Rfe8 14. c4
dxc4 15. Bxc4 Bf5 16. Qc3 Rad8 17. Rfc1 g5 18. Bxa6 Bc8 19. Bb5 g4 20. Bxc6
bxc6 21. Ne5 Rd6 22. Rab1 Bf5 23. Rb7 Be4 24. Rxc7 Bxg2 25. Rxf7 Qe6 26. Qd3
Be4 27. Qxe4 Qxf7 28. Nxf7 1-0

[Event "Sherbrooke op Online"]
[Site "Chess.com"]
[Date "2021.05.29"]
[Round "3"]
[White "Landstrom, William"]
[Black "Dhulipalla, Bala Chandra Prasad"]
[Result "0-1"]
[WhiteElo "1530"]
[BlackElo "2425"]
[PlyCount "74"]
[EventDate "2021.05.28"]
[EventType "swiss"]
[EventRounds "5"]
[EventCountry "CAN"]

1. e4 e5 2. Nf3 Nc6 3. Bc4 Nf6 4. Ng5 d5 5. exd5 Na5 6. Bb5+ c6 7. dxc6 bxc6 8.
Bd3 Nd5 9. Ne4 f5 10. Nec3 Nf4 11. Bf1 c5 12. d3 Ng6 13. Nd2 Bb7 14. Nf3 Be7
15. Qe2 Nc6 16. a3 O-O 17. Bd2 Rc8 18. Nd1 e4 19. dxe4 fxe4 20. Ng1 Nd4 21.
Qc4+ Bd5 22. Qc3 Bf6 23. Ne3 Nf3+ 24. gxf3 Bxc3 25. Bxc3 Bb7 26. Bc4+ Kh8 27.
Rd1 Qe7 28. Ne2 Nh4 29. Ng3 Nxf3+ 30. Kf1 Nd4 31. Rxd4 cxd4 32. Bxd4 Rxc4 33.
Nxc4 e3 34. Nxe3 Bxh1 35. Ngf5 Rxf5 36. Nxf5 Bg2+ 37. Kxg2 Qe4+ 0-1

[Event "Sherbrooke op Online"]
[Site "Chess.com"]
[Date "2021.05.29"]
[Round "3"]
[White "Levesque-Duchesne, Merlin"]
[Black "Guipi Bopala, Prince Eric jr"]
[Result "1-0"]
[WhiteElo "1829"]
[BlackElo "1929"]
[PlyCount "93"]
[EventDate "2021.05.28"]
[EventType "swiss"]
[EventRounds "5"]
[EventCountry "CAN"]

1. d4 d5 2. c4 e6 3. Nf3 Nf6 4. Nc3 Be7 5. Bf4 O-O 6. e3 c5 7. dxc5 Bxc5 8. a3
Nc6 9. Qc2 Qe7 10. Bg5 d4 11. Ne4 dxe3 12. Nxc5 Qxc5 13. Bxe3 Qa5+ 14. Bd2 Qc7
15. Be2 h6 16. O-O Ne5 17. Nxe5 Qxe5 18. Rfe1 Qc7 19. Bc3 Qe7 20. Bb4 Qc7 21.
Bxf8 Kxf8 22. Bf3 Bd7 23. Rac1 Bc6 24. Bxc6 Qxc6 25. f3 Kg8 26. Red1 Rc8 27.
Rd2 b5 28. Kh1 bxc4 29. Rd4 Qb6 30. Rxc4 Rxc4 31. Qxc4 Qxb2 32. Qc8+ Kh7 33.
Qc2+ Qxc2 34. Rxc2 Nd5 35. Rc6 a5 36. Ra6 Kg6 37. Rxa5 Kf6 38. Ra7 e5 39. a4
Ke6 40. a5 g6 41. a6 Nb6 42. Rb7 Na8 43. a7 Kd6 44. Rb8 Nc7 45. Rc8 Na8 46.
Rxa8 Kc7 47. Rb8 1-0

[Event "Sherbrooke op Online"]
[Site "Chess.com"]
[Date "2021.05.29"]
[Round "3"]
[White "Stevenson, Larissa"]
[Black "Hemphrey, David"]
[Result "1-0"]
[WhiteElo "1876"]
[BlackElo "1731"]
[PlyCount "101"]
[EventDate "2021.05.28"]
[EventType "swiss"]
[EventRounds "5"]
[EventCountry "CAN"]

1. e4 c5 2. Nf3 Nc6 3. d4 cxd4 4. Nxd4 Nf6 5. Nc3 e5 6. Ndb5 d6 7. Be2 a6 8.
Na3 Be7 9. Be3 O-O 10. O-O b5 11. Nd5 Nxe4 12. Bf3 f5 13. Qd3 Bb7 14. Bxe4 fxe4
15. Qxe4 Rf7 16. Rad1 Qf8 17. Nxe7+ Qxe7 18. Qd3 Rd8 19. Qd2 h6 20. c3 Rf6 21.
Nc2 Rg6 22. f4 Qh4 23. Qd5+ Kh8 24. Qf7 Rxg2+ 25. Kxg2 Ne7+ 26. Kg1 Be4 27. Rd2
Ng6 28. Qe6 d5 29. fxe5 Bxc2 30. Rxc2 Qe4 31. Re2 Nh4 32. Qh3 Qg6+ 33. Qg3 Qd3
34. Bb6 Qxe2 35. Bxd8 g5 36. Qf2 Qg4+ 37. Qg3 Qe4 38. Bf6+ Kh7 39. Qf2 Qg4+ 40.
Qg3 Qe4 41. Be7 Kg6 42. Rf6+ Kg7 43. Bf8+ Kg8 44. Bxh6 Qb1+ 45. Rf1 Qe4 46.
Qxg5+ Ng6 47. Rf8+ Kh7 48. Rf7+ Kg8 49. Rg7+ Kh8 50. Qd8+ Nf8 51. Qxf8# 1-0

[Event "Sherbrooke op Online"]
[Site "Chess.com"]
[Date "2021.05.29"]
[Round "3"]
[White "Turcotte, Jonathan"]
[Black "Selva, Karthik"]
[Result "1-0"]
[WhiteElo "2011"]
[BlackElo "1911"]
[PlyCount "143"]
[EventDate "2021.05.28"]
[EventType "swiss"]
[EventRounds "5"]
[EventCountry "CAN"]

1. d4 Nf6 2. c4 g6 3. Nc3 d5 4. Bf4 Bg7 5. e3 O-O 6. Rc1 c6 7. Nf3 h6 8. cxd5
Nxd5 9. Nxd5 Qxd5 10. Bc4 Qa5+ 11. Qd2 Qxd2+ 12. Kxd2 Nd7 13. b4 Nf6 14. h3 Bf5
15. Ke2 Rac8 16. a3 Be4 17. Rhd1 Bd5 18. Bh2 Rfd8 19. Ne5 Ne4 20. f3 Bxe5 21.
Bxe5 Bxc4+ 22. Rxc4 Nd6 23. Rc2 f6 24. Bh2 Rd7 25. Rdc1 Rcd8 26. a4 Kf7 27. g4
a6 28. Rc5 g5 29. Bg3 Kg7 30. R1c2 e6 31. b5 axb5 32. Bxd6 Rxd6 33. axb5 cxb5
34. Rxb5 R6d7 35. Rcb2 Rb8 36. Kd3 Rc7 37. Rc5 Rd7 38. Kc4 b6 39. Rc6 Re7 40.
Rbxb6 Rxb6 41. Rxb6 Rc7+ 42. Kd3 Kf7 43. Kd2 Ke7 44. Rb8 Kf7 45. Rb1 Ra7 46.
Rc1 Ra2+ 47. Rc2 Ra7 48. Ke2 Rb7 49. Kf2 Rd7 50. Rd2 Kg6 51. Kg3 Kf7 52. h4 Kg6
53. h5+ Kf7 54. Kf2 Ke7 55. e4 Ra7 56. Ke3 Kd6 57. Rd3 Rb7 58. Ra3 Ke7 59. d5
exd5 60. exd5 Kd6 61. Ke4 Rb4+ 62. Kf5 Kxd5 63. Kg6 Rb6 64. Kxh6 Rb7 65. Kg6
Rb6 66. h6 Ke5 67. h7 Rb8 68. Ra5+ Ke6 69. Ra6+ Ke7 70. Rxf6 Rh8 71. Rf7+ Ke6
72. Rg7 1-0

[Event "Sherbrooke op Online"]
[Site "Chess.com"]
[Date "2021.05.30"]
[Round "4"]
[White "Dhulipalla, Bala Chandra Prasad"]
[Black "Colvin, Andrew"]
[Result "1-0"]
[WhiteElo "2425"]
[BlackElo "2072"]
[PlyCount "67"]
[EventDate "2021.05.28"]
[EventType "swiss"]
[EventRounds "5"]
[EventCountry "CAN"]

1. Nf3 d5 2. c4 e6 3. g3 Nf6 4. Bg2 Be7 5. O-O O-O 6. b3 b6 7. Bb2 Bb7 8. e3
Nbd7 9. Nc3 c5 10. Qe2 a6 11. Rfd1 Qc7 12. Rac1 Rac8 13. cxd5 Nxd5 14. Nxd5
Bxd5 15. e4 Bb7 16. d4 Qb8 17. d5 exd5 18. exd5 Bd6 19. Ng5 h6 20. Ne6 fxe6 21.
dxe6 Bxg2 22. exd7 Rcd8 23. Kxg2 Qb7+ 24. Kg1 Qxd7 25. Qxa6 Qc6 26. Qc4+ Rf7
27. Rc2 Rdf8 28. Qe6 Qa8 29. Qxd6 Qxa2 30. Qxb6 Rxf2 31. Rxf2 Rxf2 32. Kxf2
Qxb2+ 33. Kg1 Qe2 34. Qd8+ 1-0

[Event "Sherbrooke op Online"]
[Site "Chess.com"]
[Date "2021.05.30"]
[Round "4"]
[White "Guipi Bopala, Prince Eric jr"]
[Black "Stevenson, Larissa"]
[Result "1-0"]
[WhiteElo "1929"]
[BlackElo "1876"]
[PlyCount "99"]
[EventDate "2021.05.28"]
[EventType "swiss"]
[EventRounds "5"]
[EventCountry "CAN"]

1. d4 Nf6 2. c4 e6 3. Nf3 g6 4. Nc3 Bg7 5. Bg5 d6 6. e3 Nc6 7. Be2 O-O 8. O-O
e5 9. dxe5 dxe5 10. Qxd8 Rxd8 11. Nd5 Rd6 12. Nxf6+ Bxf6 13. c5 e4 14. cxd6
exf3 15. Bxf6 fxe2 16. Rfe1 Bg4 17. f3 Be6 18. Rxe2 cxd6 19. e4 Nb4 20. Rd2
Nxa2 21. Rxd6 h6 22. Rad1 g5 23. Rd8+ Rxd8 24. Rxd8+ Kh7 25. g4 Nb4 26. e5 Nd5
27. Rh8+ Kg6 28. Rg8+ Kh7 29. Rg7+ Kh8 30. Rxf7+ Nxf6 31. Rxf6 Bd5 32. e6 Kg7
33. e7 Bf7 34. Re6 a5 35. e8=Q Bxe8 36. Rxe8 Kf7 37. Rb8 b6 38. Rxb6 Ke7 39.
Rxh6 Kd7 40. Ra6 Kc7 41. Rxa5 Kb6 42. Rxg5 Kc6 43. h4 Kd6 44. h5 Ke6 45. h6 Kf6
46. f4 Kf7 47. h7 Ke6 48. h8=Q Kd6 49. Qf6+ Kd7 50. Rg7+ 1-0

[Event "Sherbrooke op Online"]
[Site "Chess.com"]
[Date "2021.05.30"]
[Round "4"]
[White "Hemphrey, David"]
[Black "Javidfard, Amirsalard"]
[Result "1-0"]
[WhiteElo "1731"]
[BlackElo "2254"]
[PlyCount "57"]
[EventDate "2021.05.28"]
[EventType "swiss"]
[EventRounds "5"]
[EventCountry "CAN"]

1. d4 Nf6 2. c4 e6 3. Nc3 Bb4 4. Qc2 c5 5. a3 Qa5 6. Nf3 Nc6 7. axb4 Qxa1 8.
bxc5 Nb4 9. Qd1 a5 10. Na4 Ne4 11. e3 d5 12. cxd6 Bd7 13. Nb6 Na2 14. Bd3 Nxc1
15. Bxe4 Qxb2 16. Nxd7 Qc3+ 17. Qd2 Qxd2+ 18. Kxd2 Nb3+ 19. Kc3 Kxd7 20. Kxb3
Kxd6 21. c5+ Kc7 22. Ka4 b5+ 23. cxb6+ Kxb6 24. Rb1+ Ka6 25. Bb7+ Ka7 26. Ne5
Rac8 27. Nc6+ Rxc6 28. Bxc6 Rc8 29. Be4 1-0

[Event "Sherbrooke op Online"]
[Site "Chess.com"]
[Date "2021.05.30"]
[Round "4"]
[White "Landstrom, William"]
[Black "Turcotte, Jonathan"]
[Result "1-0"]
[WhiteElo "1530"]
[BlackElo "2011"]
[PlyCount "99"]
[EventDate "2021.05.28"]
[EventType "swiss"]
[EventRounds "5"]
[EventCountry "CAN"]

1. e4 c6 2. d4 d5 3. e5 Bf5 4. c3 e6 5. Nf3 c5 6. Nbd2 cxd4 7. cxd4 Nc6 8. Be2
Nge7 9. a3 Qb6 10. Nb3 Be4 11. O-O Nf5 12. Be3 Be7 13. Rc1 O-O 14. Rc3 Rfc8 15.
Qd2 Nxe3 16. fxe3 a6 17. Rfc1 Na7 18. Nc5 Bxc5 19. Rxc5 Rxc5 20. Rxc5 Rc8 21.
Rxc8+ Nxc8 22. Qc3 Na7 23. Nd2 Bg6 24. Nb3 h6 25. Nc5 Nc6 26. b4 a5 27. b5 Na7
28. Na4 Qd8 29. b6 Nc8 30. Qxa5 Bc2 31. Nc5 Qxb6 32. Qxb6 Nxb6 33. Nxb7 Kf8 34.
Kf2 Ke7 35. Nc5 f6 36. exf6+ gxf6 37. Bb5 Kd6 38. a4 Na8 39. a5 e5 40. Ba6 Nc7
41. Bb7 Bf5 42. a6 Nb5 43. Nb3 Be6 44. dxe5+ fxe5 45. Nd2 Kc7 46. e4 d4 47. Nf3
Nd6 48. Nxe5 Nxb7 49. axb7 Kxb7 50. Nf3 1-0

[Event "Sherbrooke op Online"]
[Site "Chess.com"]
[Date "2021.05.30"]
[Round "4"]
[White "Selva, Karthik"]
[Black "Levesque-Duchesne, Merlin"]
[Result "1/2-1/2"]
[WhiteElo "1911"]
[BlackElo "1829"]
[PlyCount "103"]
[EventDate "2021.05.28"]
[EventType "swiss"]
[EventRounds "5"]
[EventCountry "CAN"]

1. d4 d5 2. Bf4 c5 3. e3 Nc6 4. c3 Bf5 5. Nd2 e6 6. Ngf3 Qb6 7. Qc1 Rc8 8. Be2
h6 9. h4 Nf6 10. Nb3 c4 11. Nbd2 Qd8 12. Bd1 b5 13. Ne5 Nxe5 14. Bxe5 Bd6 15.
Nf3 O-O 16. Bc2 Ne4 17. Bxd6 Qxd6 18. Nd2 a5 19. Nxe4 Bxe4 20. Bxe4 dxe4 21.
Qd2 f5 22. Rc1 Rc7 23. g3 Rfc8 24. Qe2 b4 25. Kf1 e5 26. dxe5 Qd3 27. Rd1 bxc3
28. bxc3 Qxc3 29. Kg2 Qxe5 30. Rc1 c3 31. Rc2 Qd5 32. Rd1 Qc4 33. Qh5 Qb5 34.
Rdc1 Rc5 35. Qd1 Qd3 36. Qe1 Kf7 37. h5 Ke6 38. Kg1 Kf6 39. Kg2 Qc4 40. Rd1
R8c6 41. Qh1 Qe6 42. Qh4+ Kf7 43. Qd8 Rc7 44. Qd4 Rc4 45. Qd8 a4 46. Qa8 Rd7
47. Rxd7+ Qxd7 48. Qa5 Qd3 49. Qxf5+ Kg8 50. Qg6 Qxc2 51. Qe8+ Kh7 52. Qg6+
1/2-1/2